Vista normal
Vista MARC
Entrada Personal Name
Número de registros utilizados en: 1
001 - CONTROL NUMBER
- control field: 27975
003 - CONTROL NUMBER IDENTIFIER
- control field: OSt
005 - DATE AND TIME OF LATEST TRANSACTION
- control field: 20210310224526.0
008 - FIXED-LENGTH DATA ELEMENTS
- fixed length control field: 210310|| aca||aabn | a|a d
040 ## - CATALOGING SOURCE
- Original cataloging agency: OSt
- Transcribing agency: OSt
100 ## - HEADING--PERSONAL NAME
- Personal name: Mai Thi Thanh Thai, Ekaterina Turkina
670 ## - SOURCE DATA FOUND
- Source citation: Work cat.: (OSt): Mai Thi Thanh Thai, Ekaterina Turkina , Entrepreneurship in the informal economy, models, approaches and prospects for economic development , 2013